| Tag |
First Indicator |
Second Indicator |
Subfields |
| LEADER |
00000cam a2200000 4500 |
| 001 |
in00003817455 |
| 005 |
20190415185809.0 |
| 006 |
m o d |
| 007 |
cr |n||||||||n |
| 008 |
890518s1788 enk|||| o 00||||eng c |
| 035 |
|
|
|a (CU-RivES)T191931
|
| 035 |
|
|
|a (Uk-ES)006286590
|
| 035 |
|
|
|a (OCoLC)509509305
|
| 040 |
|
|
|a Uk-ES
|c Uk-ES
|d CStRLIN
|d Cengage Gale
|d UtOrBLW
|
| 100 |
0 |
|
|a Clericus.
|0 http://id.loc.gov/authorities/names/n88225743
|
| 245 |
1 |
4 |
|a The country curate; or, letters from Clericus to Benevolus.
|
| 264 |
|
3 |
|a London :
|b Printed by Charles Rivington, and sold by T. Longman, in Pater-noster-row, and T. Cadell, in the Strand,
|c M.DCC.LXXXVIII. [1788]
|
| 300 |
|
|
|a 1 online resource (vii, 1 unnumbered page, 112 pages)
|
| 336 |
|
|
|a text
|b txt
|2 rdacontent
|
| 337 |
|
|
|a computer
|b c
|2 rdamedia
|
| 338 |
|
|
|a online resource
|b cr
|2 rdacarrier
|
| 500 |
|
|
|a With a half-title.
|
| 510 |
4 |
|
|a English Short Title Catalog,
|c T191931.
|
| 500 |
|
|
|a Reproduction of original from Cambridge University Library.
|
| 500 |
|
|
|a Electronic resource.
|
| 650 |
|
0 |
|a Christian life
|v Early works to 1800.
|0 http://id.loc.gov/authorities/subjects/sh93009678
|
| 655 |
|
7 |
|a Electronic books.
|2 local
|
| 655 |
|
7 |
|a Letters.
|2 rbgenr
|
| 710 |
2 |
|
|a Gale (Firm)
|0 http://id.loc.gov/authorities/names/no2008071348
|
| 752 |
|
|
|a Great Britain
|b England
|d London.
|
| 856 |
4 |
0 |
|u http://proxy.library.tamu.edu/login?url=http://find.galegroup.com/ecco/infomark.do?contentSet=ECCOArticles&docType=ECCOArticles&bookId=1566501200&type=getFullCitation&tabID=T001&prodId=ECCO&docLevel=TEXT_GRAPHICS&version=1.0&source=library&userGroupName=txshracd2898
|z Connect to the full text of this electronic book
|t 0
|
| 999 |
f |
f |
|s 5f29a851-4756-324b-a1c0-45932a584780
|i 14868528-3923-3a23-bfff-f3b954bfa726
|t 0
|
| 952 |
f |
f |
|a Texas A&M University
|b College Station
|c Electronic Resources
|d Available Online
|t 0
|h No information provided
|
| 998 |
f |
f |
|t 0
|l Available Online
|